[Event "Prague op"]
[Site "Prague"]
[Date "1996.??.??"]
[Round "7"]
[White "Meduna, Eduard"]
[Black "Bilinskas, Rajmundas"]
[Result "0-1"]
[WhiteElo "2450"]
[BlackElo "2250"]

1.d4 Nf6 2.Bg5 c5 3.Bxf6 gxf6 4.c3 Qb6 5.Qc2 d5 6.e3 Nc6 7.Nd2 e5 8.Ngf3 Bd7
9.Be2 Rc8 10.dxe5 fxe5 11.e4 d4 12.Bc4 Rg8 13.O-O Bd6 14.Nh4 Ne7 15.Rae1 Bb8
16.f4 exf4 17.e5 Qh6 18.Nhf3 b5 19.Ne4 bxc4 20.Nf6+ Kd8 21.cxd4 cxd4 22.Qd2 d3
23.Qa5+ Bc7 24.Qxa7 Rb8 25.Kh1 Rg6 26.Qd4 Rxf6 27.exf6 Nf5 28.Qxc4 Ng3+ 29.Kg1 Ne2+
30.Rxe2 dxe2 31.Qxe2 Qxf6 32.b3 Rb6 33.Kh1 Qf5 34.Qd2 Kc8 35.h3 Rd6 36.Qb2 Qd3
37.Qa1 Bc6 38.Kh2 Qe2 39.Re1 Qf2 40.Qh8+ Rd8 41.Qxh7 Bxf3 42.Qf5+ Kb8  0-1

[Event "Banicky Kahanec"]
[Site "Prievidza"]
[Date "1996.??.??"]
[Round "9"]
[White "Boidman, Yuri"]
[Black "Koutsin, Sergey"]
[Result "1/2-1/2"]
[WhiteElo "2365"]
[BlackElo "2435"]

1.d4 Nf6 2.Bg5 c5 3.c3 Qb6 4.Qb3 e6 5.Nd2 d5 6.Bxf6 gxf6 7.Qxb6 axb6 8.Ngf3 Nc6
9.e3 Bd7 10.a3 cxd4 11.cxd4 Bd6 12.Be2 Ke7 13.O-O Rhc8 14.Rfc1 Rc7 15.Rc3  1/2-1/2

[Event "Salongernas Elo"]
[Site "Salongernas"]
[Date "1996.??.??"]
[Round "?"]
[White "Eriksson, Jorgen"]
[Black "Livner, Anders"]
[Result "1-0"]
[WhiteElo "2215"]
[BlackElo "2080"]

1.d4 Nf6 2.Bg5 g6 3.Bxf6 exf6 4.e3 Bg7 5.c4 O-O 6.Nc3 f5 7.Nf3 d6 8.Bd3 Nd7
9.O-O Nf6 10.Qc2 Qe7 11.Nd5 Qd8 12.b4 b6 13.Rac1 Bb7 14.Nxf6+ Qxf6 15.e4 g5
16.e5 Qh6 17.Bxf5 Bxf3 18.gxf3 dxe5 19.d5 a5 20.c5 axb4 21.d6 bxc5 22.dxc7 e4
23.Qxc5 Rae8 24.c8=Q Be5 25.Qxe5 Rxe5 26.Qd7 exf3 27.Rce1 Qf6 28.Rxe5 Qxe5
29.Bc2 f5 30.Rd1 Re8 31.h3 Re7 32.Qxf5 Qc7 33.Bb3+ Kh8 34.Qf6+ Rg7 35.Rd8+ Qxd8
36.Qxd8+ Rg8 37.Qxg8+  1-0

[Event "EU-ch U20"]
[Site "Siofok"]
[Date "1996.??.??"]
[Round "7"]
[White "Savic, Miodrag R"]
[Black "Shariyazdanov, Andrey"]
[Result "0-1"]
[WhiteElo "2345"]
[BlackElo "2470"]

1.d4 Nf6 2.Bg5 d5 3.Nf3 Ne4 4.h4 c5 5.e3 Qb6 6.Qc1 Nc6 7.c3 Bf5 8.Nbd2 Rc8
9.Nxe4 Bxe4 10.Qd2 cxd4 11.exd4 Bxf3 12.gxf3 e6 13.Be2 h6 14.Be3 h5 15.Bd3 Be7
16.Kf1 a6 17.Rb1 Qd8 18.Kg2 Bf6 19.Rbe1 Kf8 20.Bf4 g6 21.Rh3 Kg7 22.Bb1 b5
23.Bd3 Qb6 24.a3 Rce8 25.Bb1 Na5 26.Qd3 Nc4 27.Re2 Qd8 28.Rg3 Bxh4 29.Rxg6+ Kf8
30.Rh6 Rg8+ 31.Bg3 Bxg3 32.Rxh5 Bf4+  0-1

[Event "Petrov mem"]
[Site "St Petersburg"]
[Date "1996.??.??"]
[Round "6"]
[White "Chepukaitis, Genrikh"]
[Black "Yemelin, Vasily"]
[Result "1-0"]
[WhiteElo "2305"]
[BlackElo "2495"]

1.d4 Nf6 2.Bg5 c5 3.d5 Qb6 4.Nc3 Qxb2 5.Bd2 Qb6 6.e4 d6 7.f4 e6 8.Rb1 Qd8
9.Bb5+ Bd7 10.dxe6 fxe6 11.Bc4 Nc6 12.Rxb7 Na5 13.Rxd7 Qxd7 14.Bb5 Nc6 15.e5 dxe5
16.Nf3 O-O-O 17.Qe2 Qc7 18.O-O Nd5 19.Rb1 Nb6 20.Bxc6 Qxc6 21.Nxe5 Qc7 22.Nb5 Qb7
23.Ba5 c4 24.Nxc4 Bc5+ 25.Kh1 Rd7 26.Qxe6 Nxc4 27.Qxc4 Qc6 28.h3 Rb7 29.Rb3 Kb8
30.Bc3 Re8 31.Bxg7 Ka8 32.Be5 Rd7 33.Qe2 Bb6 34.Rc3 Bc5 35.a4 a6 36.Nd4 Qb6
37.Nb3 Rd5 38.Qf3 Qc6 39.Nxc5 Rxc5 40.Rxc5  1-0

[Event "Star Dojran"]
[Site "Star Dojran"]
[Date "1996.??.??"]
[Round "8"]
[White "Drazic, Sinisa"]
[Black "Colovic, Aleksandar"]
[Result "1-0"]
[WhiteElo "2455"]
[BlackElo "2310"]

1.d4 Nf6 2.Bg5 c5 3.dxc5 Ne4 4.Bf4 Nxc5 5.Nc3 Nc6 6.e4 d6 7.Qd2 g6 8.f3 Be6
9.Nge2 Bg7 10.Bh6 Bxh6 11.Qxh6 Qb6 12.O-O-O Qa5 13.Kb1 Rc8 14.Nd4 Na4 15.Nxa4 Bxa2+
16.Kc1 Qxa4 17.Bb5 Qb4 18.e5 dxe5 19.Qg7 Rf8 20.Qxe5 f6 21.Qe4 Qc5 22.b3 Qa3+
23.Kd2 Rd8 24.Ke2 Kf7 25.Bc4+ Kg7 26.Ne6+ Kh8 27.Nxd8 Nxd8 28.Rd7 Nc6 29.Rxb7 Ne5
30.Rxe7 Nxc4 31.Qxc4 a5 32.Rd1  1-0

[Event "Stary Smokovec op"]
[Site "Stary Smokovec"]
[Date "1996.??.??"]
[Round "?"]
[White "Hladik, Lumir"]
[Black "Fabry, Robert"]
[Result "1/2-1/2"]
[WhiteElo "2065"]
[BlackElo "2235"]

1.d4 Nf6 2.Bg5 d5 3.Nf3 e6 4.e3 h6 5.Bh4 Be7 6.c4 O-O 7.Nc3 Nbd7 8.Bd3 c6
9.cxd5 Nxd5 10.Bxe7 Qxe7 11.O-O N5b6 12.Bc2 Rd8 13.Qd3 Nf8 14.Ne4 Nd5 15.a3 b6
16.Rfd1 Bb7 17.Qb3 Rac8 18.Bd3 c5 19.dxc5 bxc5 20.Nfd2 Nb6 21.Nc4 Nxc4 22.Qxc4 Bd5
23.Qc3 c4 24.Bc2 Qb7 25.f3 Rb8 26.Rab1 Bxe4 27.Rxd8 Rxd8 28.Bxe4 Qb6 29.Bc2 Nh7
30.Rd1 Rxd1+ 31.Bxd1 Nf6 32.Qd4 Qxd4 33.exd4 Nd5 34.Kf2 Kf8 35.g3 Ke7 36.Ke2 Kd6
37.Kd2 f6 38.Be2 Nb6 39.f4 Kd5 40.Ke3 Na4 41.Bf3+ Kd6 42.Kd2 e5 43.dxe5+ fxe5
44.Kc2 exf4 45.gxf4 Kc5 46.Bb7 Kd4 47.Bc6 Nc5 48.f5 Nb3 49.Be8 Nc5 50.Bf7 Nb3  1/2-1/2

[Event "Rilton Cup 96/97"]
[Site "Stockholm"]
[Date "1996.??.??"]
[Round "1"]
[White "Manninen, Marko"]
[Black "Johnsen, Sylvia"]
[Result "1-0"]
[WhiteElo "2400"]
[BlackElo "2040"]

1.d4 d5 2.Bg5 Nf6 3.Nc3 Bf5 4.f3 Bg6 5.Nh3 e6 6.Nf4 Be7 7.Qd2 Nc6 8.O-O-O a6
9.h4 Nh5 10.Bxe7 Qxe7 11.Nxh5  1-0

[Event "Rilton Cup 96/97"]
[Site "Stockholm"]
[Date "1996.??.??"]
[Round "5"]
[White "Manninen, Marko"]
[Black "Wiese, Hans Joachim"]
[Result "1-0"]
[WhiteElo "2400"]
[BlackElo "2165"]

1.d4 Nf6 2.Bg5 d5 3.Nc3 e6 4.e4 dxe4 5.Nxe4 Be7 6.Bxf6 Bxf6 7.Nf3 Nd7 8.Qd2 Nb6
9.O-O-O Qd5 10.Nxf6+ gxf6 11.Kb1 Bd7 12.Qf4 O-O-O 13.Qxf6 Rhf8 14.Bd3 h5
15.Rhe1 Qd6 16.Qe5 Rg8 17.g3 Bc6 18.Be4 Qb4 19.c3 Qa4 20.Bxc6 Qxc6 21.Qe2 Rd5
22.Ne5 Qe8 23.c4 Ra5 24.Qd2 Ra6 25.b3 f6 26.Nd3 Qg6 27.Ka1 Nd7 28.c5 e5 29.Nb4 Re6
30.d5 Ree8 31.d6 Qf7 32.c6 bxc6 33.Nxc6 Kb7 34.Qb4+ Nb6 35.Qe4 Kc8 36.Nxa7+ Kb8
37.Nc6+ Kc8 38.d7+ Nxd7 39.Qa4 Kb7 40.Rxd7  1-0

[Event "SUI-chT"]
[Site "SUI"]
[Date "1996.??.??"]
[Round "9"]
[White "Patuzzo, Fabricio"]
[Black "Pytel, Martin"]
[Result "1-0"]
[WhiteElo "2255"]
[BlackElo "2340"]

1.d4 Nf6 2.Bg5 d5 3.Bxf6 exf6 4.e3 c6 5.Bd3 Bd6 6.Qf3 Be6 7.Ne2 Nd7 8.Nd2 Qa5
9.c3 O-O-O 10.b4 Qc7 11.Nf4 Rde8 12.g3 g6 13.Rb1 Nb6 14.O-O h5 15.Nxe6 Rxe6
16.c4 dxc4 17.Nxc4 h4 18.Rfc1 hxg3 19.hxg3 Kb8 20.b5 Rh5 21.bxc6 Be7 22.d5 Ree5
23.d6 Bxd6 24.Nxd6 Qxd6 25.c7+ Kc8 26.Qxb7+  1-0

[Event "SVK-chT9596"]
[Site "?"]
[Date "1996.??.??"]
[Round "1"]
[White "Bombek, Peter"]
[Black "Dobias, Richard"]
[Result "1/2-1/2"]
[WhiteElo "2280"]
[BlackElo "2205"]

1.d4 d5 2.Bg5 Nf6 3.Bxf6 exf6 4.e3 Be7 5.c4 c6 6.Nc3 dxc4 7.Bxc4 O-O 8.Nge2 Nd7
9.O-O f5 10.Rc1 Nb6 11.Bb3 Be6 12.Nf4 Qd7 13.d5 cxd5 14.Ncxd5 Nxd5 15.Bxd5 Bxd5
16.Qxd5 Bd6 17.Rfd1 Rfd8 18.g3 g6 19.Qb3 Rab8 20.h4 Qe7 21.Nd5 Qe6 22.Rd3 Kg7
23.Rcd1 Be5 24.f4 Bf6 25.Nxf6 Qxf6 26.Rxd8 Rxd8 27.Rxd8 Qxd8 28.Qxb7 Qd1+
29.Kh2 Qe2+ 30.Qg2 Qxe3 31.Qc2 f6 32.b4 Qb6 33.Qd2 Qb5 34.a3 Kh6 35.Qc2 a6
36.Kg1 Qd5 37.Qc3 Qa2 38.Kf1 Qd5 39.Ke1 Qa2 40.Kf1 Qd5 41.Kf2 Qa2+ 42.Ke3 Qe6+
43.Kd4 Qd7+ 44.Ke3 Qe6+ 45.Kf3 Qd5+ 46.Kf2 Qa2+ 47.Ke1 Qb1+ 48.Kd2 Qa2+ 49.Kc1 Kh5
50.Qf3+ Kh6 51.Qd3 Qa1+ 52.Kd2 Qa2+ 53.Ke3 Qe6+ 54.Kd4 Qc6 55.Qe3 Qb6+ 56.Kd3 Qc6
57.Kd2 Qc4 58.Qd3 Qa2+ 59.Ke3 Qe6+ 60.Kf2 Qa2+ 61.Kg1 Qa1+ 62.Kh2 Qa2+ 63.Kh3 Qe6
64.Qf1 Qc6 65.Kh2 Qc2+ 66.Kh3 Qc6 67.Kh2 Qc2+ 68.Kh3 Qc6  1/2-1/2

[Event "SVK-chT9596"]
[Site "?"]
[Date "1996.??.??"]
[Round "11"]
[White "Tibensky, Robert"]
[Black "Balogh, Peter"]
[Result "1-0"]
[WhiteElo "2425"]
[BlackElo "2245"]

1.d4 Nf6 2.Bg5 g6 3.Bxf6 exf6 4.e3 f5 5.Bd3 Bg7 6.c3 O-O 7.Nd2 d6 8.h3 c5
9.Qf3 Nc6 10.Ne2 a6 11.g4 fxg4 12.hxg4 cxd4 13.cxd4 d5 14.Qg3 h6 15.Nf3 Re8
16.Kf1 Bd7 17.Nf4 Nb4 18.Bb1 Rc8 19.a3 Nc2 20.Ra2 Ba4 21.g5 h5 22.Kg2 Bb3
23.Nd2 Bxa2 24.Bxa2 Nxe3+ 25.fxe3 Rc2 26.Rd1 h4 27.Qxh4 Rxe3 28.Bxd5 Bxd4
29.Kh1 Bg7 30.Nf1 Qb6 31.Nxe3 Qxe3 32.Qg4 Be5 33.Bxf7+ Kg7 34.Ng2 Qf2 35.Bb3 Rc7
36.Qh3 Qe2  1-0

[Event "SWE-chT 9596"]
[Site "?"]
[Date "1996.??.??"]
[Round "?"]
[White "Schneider, Stefan"]
[Black "Liljedahl, Lennart"]
[Result "1-0"]
[WhiteElo "2225"]
[BlackElo "2320"]

1.d4 Nf6 2.Bg5 c5 3.Bxf6 gxf6 4.d5 d6 5.Nc3 f5 6.e3 Nd7 7.Nge2 Ne5 8.Nf4 Bd7
9.Be2 Qa5 10.a4 a6 11.O-O h5 12.Bxh5 O-O-O 13.Nce2 Rh7 14.c3 Bh6 15.Ng3 Rdh8
16.h3 Qd8 17.b4 c4 18.Be2 Kb8 19.Ngh5 Qg8 20.Qd4 Bxf4 21.Nxf4 Ng6 22.Kh2 Rh4
23.Rh1 Qh7 24.Kg1 Qh6 25.g3 Nxf4 26.exf4 Rxh3 27.Rxh3 Qxh3 28.Bf3 f6 29.Qb6 Kc8
30.b5 axb5 31.axb5 Qh2+ 32.Kf1 Qh1+ 33.Bxh1 Rxh1+ 34.Kg2 Rxa1 35.Qe3 Kd8
36.Qb6+ Kc8 37.Qe3 Rd1 38.Qxe7 Rxd5 39.b6 Bc6 40.Qc7+  1-0

[Event "SWE-chT 9596"]
[Site "?"]
[Date "1996.??.??"]
[Round "?"]
[White "Schneider, Stefan"]
[Black "Andersson, Bengt"]
[Result "1-0"]
[WhiteElo "2225"]
[BlackElo "2110"]

1.d4 Nf6 2.Bg5 d5 3.e3 Ne4 4.Bf4 c5 5.Nd2 Qb6 6.Nxe4 dxe4 7.Rb1 Bf5 8.Ne2 Nc6
9.d5 O-O-O 10.c4 e6 11.Nc3 Bd6 12.Bxd6 Rxd6 13.Qa4 Ne5 14.b4 exd5 15.Nxd5 Rxd5
16.cxd5 c4 17.Bxc4 Kb8 18.Be2 Qg6 19.Rg1 Nf3+ 20.Bxf3 exf3 21.Rc1 fxg2 22.b5 Be4
23.Qc4 Qf5 24.Qc7+ Ka8 25.d6 Bc6  1-0

[Event "Tel Aviv Cup rapid"]
[Site "Tel Aviv"]
[Date "1996.??.??"]
[Round "1"]
[White "Kataev, Simcho"]
[Black "Krays, Alexander"]
[Result "0-1"]
[WhiteElo "2355"]
[BlackElo "2440"]

1.d4 Nf6 2.Bg5 c5 3.Bxf6 gxf6 4.d5 Qb6 5.Qc1 d6 6.c4 Bg7 7.Nc3 f5 8.e3 Nd7
9.Qc2 Ne5 10.Nf3 Bd7 11.Nd2 a5 12.Be2 a4 13.O-O O-O 14.Kh1 Kh8 15.f4 Ng4
16.Nf3 a3 17.b3 Qb4 18.Nb1 b5 19.cxb5 e6 20.Rd1 exd5 21.Bd3 d4  0-1

[Event "Czerniak mem"]
[Site "Tel Aviv"]
[Date "1996.??.??"]
[Round "3"]
[White "Shabtai, Ran"]
[Black "Krays, Alexander"]
[Result "1-0"]
[WhiteElo "2340"]
[BlackElo "2440"]

1.d4 Nf6 2.Bg5 c5 3.dxc5 Qa5+ 4.Nd2 Ne4 5.Be3 Nxc5 6.c3 Qc7 7.Ngf3 b6 8.g3 Nc6
9.Bg2 Bb7 10.Qc2 Rc8 11.O-O g6 12.Bf4 d6 13.Rfe1 Ne6 14.Bh3 Nxf4 15.Bxc8 Qxc8
16.gxf4 Qg4+ 17.Kh1 Qxf4 18.Qe4 Qf6 19.Nf1 Na5 20.Qa4+ Bc6 21.Qg4 e6 22.b4 h5
23.Qd4 Qxd4 24.cxd4 Nc4 25.Rec1 Bd5 26.Ne3 Nxe3 27.fxe3 Kd7 28.Rc3 Be7 29.Rac1 Rd8
30.b5 g5 31.Kg1 g4 32.Nd2 f5 33.Ra3 a5 34.bxa6 b5 35.Rb1 Bc6 36.a7 Bg5 37.Nf1 Ra8
38.Ra6 Bd8 39.d5 exd5 40.Ng3 Bb7 41.Ra3 Bc6 42.Nxf5 Bb6 43.Nd4 Bc5 44.Ra6 Bb7
45.Ra5 Bc6 46.Kg2 b4 47.Kg3 h4+ 48.Kxg4 Kc7 49.Nxc6 Kxc6 50.a3 bxa3 51.Rb3 Bxa7
52.Kh3 Rb8 53.Rxb8 Bxb8 54.Kxh4 Kd7 55.Rxa3 Ke6 56.Kg4 Bc7 57.h4 Bd8 58.h5 Bf6
59.Rd3  1-0

[Event "Czerniak mem"]
[Site "Tel Aviv"]
[Date "1996.??.??"]
[Round "5"]
[White "Shabtai, Ran"]
[Black "Afek, Yochanan"]
[Result "1-0"]
[WhiteElo "2340"]
[BlackElo "2395"]

1.d4 Nf6 2.Bg5 d5 3.Nd2 e6 4.e3 c5 5.c3 Be7 6.Bd3 Nc6 7.Ngf3 Nd7 8.Bf4 g5
9.Bg3 g4 10.Ng1 e5 11.Qxg4 cxd4 12.exd4 exd4 13.Qe2 dxc3 14.bxc3 Nc5 15.Ngf3 d4
16.Nxd4 Nxd3+ 17.Qxd3 O-O 18.O-O Bf6 19.N2f3 Qa5 20.Rfe1 Bd7 21.Nxc6 Bxc6
22.Be5 Be7 23.Nd4 f6 24.Nf5 Kh8 25.Bc7 Qxc7 26.Rxe7  1-0

[Event "Tuebingen-ch55"]
[Site "Tuebingen"]
[Date "1996.??.??"]
[Round "?"]
[White "Woell, Josef"]
[Black "Rupp, Michael"]
[Result "1/2-1/2"]
[WhiteElo "1805"]
[BlackElo "2025"]

1.d4 Nf6 2.Bg5 c5 3.Bxf6 gxf6 4.d5 Qb6 5.Qc1 f5 6.Nd2 Bg7 7.c3 d6 8.e3 Nd7
9.Ne2 Nf6 10.Nf4 e5 11.dxe6 fxe6 12.Bc4 d5 13.Bb3 Bd7 14.Qc2 Qc7 15.a4 c4
16.Ba2 O-O-O 17.Qd1 Kb8 18.Nf3 Bc8 19.Nd4 Qb6 20.Nfe2 Ne4 21.Bb1 Qxb2 22.Bxe4 Bxd4
23.exd4 dxe4 24.Rb1 Qa3 25.Rb4 e5 26.Rxc4 Be6 27.Rb4 a5 28.Rb5 exd4 29.Qb1 Rd7
30.O-O Bc4 31.Nxd4 Bxf1 32.Nc6+ Kc8 33.Na7+ Kd8 34.Rxb7 Qc5 35.Rb8+ Kc7 36.Rxh8 Qxa7
37.Kxf1 Qa6+ 38.Kg1 Kc6 39.h3 Qd3 40.Rc8+ Kd5 41.Qb3+ Ke5 42.Rc5+ Kf6 43.Qb5 Qxb5
44.axb5 a4 45.b6 a3 46.Ra5 Rb7 47.Rxa3 Rxb6 48.c4 Rc6 49.Ra4 f4 50.Kf1 Ke5
51.Ke2 Kd4 52.f3 exf3+ 53.Kxf3 Ke5 54.Ra5+ Kf6 55.c5 Kf5 56.Rb5 h6 57.Ra5 h5
58.h4 Ke5 59.Rb5 Kf5 60.Rb4 Rxc5 61.Rxf4+ Ke5 62.Kg3 Rc3+ 63.Rf3 Rc4  1/2-1/2

[Event "Tuebingen-ch55"]
[Site "Tuebingen"]
[Date "1996.??.??"]
[Round "?"]
[White "Woell, Josef"]
[Black "Meyer, Thomas"]
[Result "1-0"]
[WhiteElo "1805"]
[BlackElo "1605"]

1.d4 d5 2.Bg5 Nf6 3.e3 e6 4.Bd3 Be7 5.Nd2 c5 6.c3 Nbd7 7.f4 Ng8 8.Ngf3 h6
9.Bxe7 Qxe7 10.Qe2 Ngf6 11.h3 Nh5 12.Rg1 c4 13.Bc2 b5 14.a3 Bb7 15.g4 Nhf6
16.g5 Ne4 17.gxh6 Nxd2 18.Kxd2 g6 19.Ng5 Rxh6 20.Rg3 O-O-O 21.Rag1 Rdh8 22.Qg2 Nf6
23.Kc1 Nh5 24.Rg4 Nf6 25.Rg3 Nh5 26.Nxf7 Qxf7 27.Bxg6 Qf8 28.Rg5 Nxf4 29.exf4 Qxf4+
30.Kb1 Rxh3 31.Bc2 Qh4 32.Rg8+ Kd7 33.Qg7+ Qe7 34.Rxh8 Rxh8 35.Qxh8  1-0

[Event "UKR-ch (Women)"]
[Site "UKR"]
[Date "1996.??.??"]
[Round "1"]
[White "Zaitseva, Ludmila G"]
[Black "Kovalevskaya, Ekaterina"]
[Result "0-1"]
[WhiteElo "2325"]
[BlackElo "2335"]

1.d4 Nf6 2.Bg5 d5 3.Nd2 Nbd7 4.Ngf3 g6 5.e3 Bg7 6.b4 c6 7.c4 a5 8.b5 cxb5
9.cxb5 a4 10.Be2 O-O 11.Rc1 Ne8 12.O-O Nd6 13.Nb1 Nb6 14.Nc3 Bf5 15.Nd2 Qd7
16.g4 Be6 17.f4 f5 18.h3 Rac8 19.Rc2 Rc7 20.Nf3 Rfc8 21.Nxa4 Nxa4 22.Rxc7 Qxc7
23.Qxa4 fxg4 24.hxg4 Bxg4 25.Qb3 e6 26.Bd3 Bxf3 27.Rxf3 Qc1+ 28.Bf1 Ne4 29.Rh3 Rc3
30.Qa4 Nd2  0-1

[Event "UKR-ch (Women)"]
[Site "UKR"]
[Date "1996.??.??"]
[Round "8"]
[White "Strutinskaya, Galina N"]
[Black "Kovalevskaya, Ekaterina"]
[Result "1/2-1/2"]
[WhiteElo "2335"]
[BlackElo "2335"]

1.d4 Nf6 2.Bg5 d5 3.Nd2 Nbd7 4.Ngf3 g6 5.e3 Bg7 6.Be2 O-O 7.O-O c5 8.c3 b6
9.Re1 Bb7 10.h3 Rc8 11.Bf4 Ne4 12.Nxe4 dxe4 13.Nd2 cxd4 14.exd4 e5 15.dxe5 Nxe5
16.Bxe5 Bxe5 17.Nc4 Bf4 18.g3 Bb8 19.Qxd8 Rfxd8 20.a4 Bd5 21.Red1 Be6 22.Rxd8+ Rxd8
23.h4 Kg7 24.Kf1 f5 25.a5 b5 26.Ne3 Rd2 27.b4 a6 28.c4 bxc4 29.Rc1 f4 30.gxf4 Bd6
31.Nxc4 Bxc4 32.Rxc4 Rb2 33.Rxe4 Bxb4 34.Bxa6 Bxa5 35.Be2 Bd8 36.h5 gxh5
37.Bxh5 Bf6 38.Kg2 Rd2 39.Kg3 Rd4 40.Re8 Rd8 41.Re6 Rd7 42.Kg4 Rc7 43.Ra6 Bd4
44.f3 Be3 45.Re6 Bc1 46.Re4 Kf6 47.Kg3 Rg7+ 48.Kf2 Re7  1/2-1/2

[Event "Paks GM"]
[Site "Ungarn"]
[Date "1996.??.??"]
[Round "?"]
[White "Andersen, Jackie"]
[Black "Acs, Peter"]
[Result "1/2-1/2"]
[WhiteElo "2235"]
[BlackElo "2440"]

1.d4 d5 2.Bg5 Nf6 3.Bxf6 exf6 4.e3 c6 5.c4 Qb6 6.Qc1 Be6 7.cxd5 cxd5 8.Ne2 Bd6
9.Nec3 Nc6 10.Nd2 O-O 11.Be2 f5 12.f4 f6 13.Nb3 g5 14.g3 Kh8 15.Bf3 Ne7 16.Qd2 Rg8
17.h4 gxf4 18.gxf4 a5 19.Nc5 Bf7 20.a3 Qc6 21.Nd3 Qe8 22.Qe2 Rc8 23.Kf2 b5
24.a4 b4 25.Nb5 Bb8 26.Rac1 Qf8 27.Nc5 Qh6 28.h5 Nc6 29.Qd3 Ne7 30.Qd2 Be8
31.Ne6 Bd7 32.Nc5 Be8 33.Ne6 Bd7 34.Nc5 Be8 35.Ne6 Bd7  1/2-1/2

[Event "Vantaa We op4"]
[Site "Vantaa"]
[Date "1996.??.??"]
[Round "3"]
[White "Maidla, Vallo"]
[Black "Agopov, Mikael"]
[Result "1/2-1/2"]
[WhiteElo "2370"]
[BlackElo "2230"]

1.d4 Nf6 2.Bg5 c5 3.Bxf6 gxf6 4.e3 Qb6 5.b3 f5 6.Nf3 Bg7 7.c3 d6 8.Bd3 Qc7
9.O-O O-O 10.Nbd2 e6 11.Rc1 b6 12.e4 fxe4 13.Bxe4 Bb7 14.Bxb7 Qxb7 15.Re1 Nd7
16.Ne4 Qc7 17.Qd2 Nf6 18.Nxf6+ Bxf6 19.Re4 Qe7 20.Rce1 Kh8 21.Qh6 Rg8 22.Qh5 Rg6
23.g3 Rc8 24.c4 Rd8 25.Rf4 Qf8 26.d5 e5 27.Rf5 Qg7 28.Nd2 Rg5 29.Rxg5 Bxg5
30.Ne4 Be7 31.Nc3 Qg6 32.Qxg6 hxg6 33.f4 Bf6 34.f5 gxf5 35.Rf1 e4 36.Ne2 Kg7
37.Rxf5 Kg6 38.g4 Be5 39.h4 Rb8 40.Kf2 b5 41.cxb5 Rxb5 42.h5+ Kg7 43.g5 Rb4
44.Nf4 c4 45.g6 fxg6 46.Ne6+ Kh6 47.Rxe5 cxb3 48.axb3 dxe5 49.d6 Rxb3 50.hxg6 Rd3
51.g7 Kh7 52.d7 a5 53.d8=Q Rxd8 54.Nxd8 Kxg7  1/2-1/2

[Event "AUT-chT qual"]
[Site "Vienna"]
[Date "1996.??.??"]
[Round "2"]
[White "Schieder, Andreas"]
[Black "Pilz, Dieter"]
[Result "1-0"]
[WhiteElo "2010"]
[BlackElo "2245"]

1.d4 Nf6 2.Bg5 g6 3.Nd2 d5 4.e3 Bg7 5.Be2 c6 6.h4 h5 7.Bd3 Nbd7 8.Ndf3 Qb6
9.Qb1 Ne4 10.c3 Nxg5 11.Nxg5 Nf8 12.f4 f5 13.N1f3 Nh7 14.Nxh7 Rxh7 15.b4 Bf6
16.Kf2 e6 17.Qb3 Kf8 18.a3 Re7 19.c4 dxc4 20.Bxc4 a5 21.Rad1 Kg7 22.Ne5 axb4
23.axb4 Qc7 24.Be2 Bd7 25.g3 Be8 26.Nd3 Bf7 27.Qb2 Ree8 28.Ra1 Red8 29.Ra3 Qb6
30.Nc5 Qc7 31.Rha1 Rxa3 32.Qxa3 b6 33.Nd3 Rd7 34.Bf3 Qd6 35.Qc3 Rc7 36.Ra6 Qd8
37.Kg2 c5 38.bxc5 bxc5 39.Nxc5 Qc8 40.Ra5 Rxc5  1-0

[Event "Carl Schlechter mem"]
[Site "Vienna"]
[Date "1996.??.??"]
[Round "3"]
[White "Hansen, K."]
[Black "Havlicek, Josef"]
[Result "1-0"]
[WhiteElo "2070"]
[BlackElo "2245"]

1.d4 Nf6 2.Bg5 g6 3.Nf3 Bg7 4.e3 O-O 5.Bc4 d5 6.Bb3 c6 7.O-O a5 8.c4 Bg4
9.Nc3 Ne4 10.Bh4 Bxf3 11.gxf3 Nxc3 12.bxc3 a4 13.Bxa4 dxc4 14.Bc2 Nd7 15.a4 Ra5
16.Qb1 Rh5 17.Bg3 b5 18.Qb4 Nb6 19.axb5 Rxb5 20.Qa3 e5 21.Rfb1 exd4 22.cxd4 f5
23.Rxb5 cxb5 24.Qc5 f4 25.Ra6 fxg3 26.Rxb6 gxf2+ 27.Kxf2 Qh4+ 28.Kg2 Qe1
29.Be4 Qe2+ 30.Kg3 Qxe3 31.Rxb5 c3 32.Rb4 g5 33.Kg2 g4 34.Qd5+ Kh8 35.Rb7 gxf3+
36.Bxf3 Rg8 37.Kh3  1-0

[Event "Carl Schlechter mem"]
[Site "Vienna"]
[Date "1996.??.??"]
[Round "5"]
[White "Meszaros, Gyula"]
[Black "Schroll, Gerhard"]
[Result "1/2-1/2"]
[WhiteElo "2300"]
[BlackElo "2380"]

1.d4 Nf6 2.Bg5 c5 3.Nc3 cxd4 4.Qxd4 Nc6 5.Qh4 e6 6.e4 Be7 7.O-O-O d6 8.f4 Qa5
9.Qe1 a6 10.Nf3 h6 11.Bh4 Rg8 12.e5 dxe5 13.fxe5 Nd7 14.Bxe7 Kxe7 15.Bc4 Ndxe5
16.Nd5+ exd5 17.Nxe5 Qxe1 18.Rhxe1 Be6 19.Bxd5 Nxe5 20.Rxe5 Kf6 21.Re3 Bxd5
22.Rxd5 Rgd8 23.Rd2 Rxd2  1/2-1/2

[Event "Carl Schlechter mem"]
[Site "Vienna"]
[Date "1996.??.??"]
[Round "5"]
[White "Hansen, K."]
[Black "Schumi, Manfred"]
[Result "0-1"]
[WhiteElo "2070"]
[BlackElo "2245"]

1.d4 Nf6 2.Bg5 d5 3.c3 Nbd7 4.Nf3 g6 5.Nbd2 Bg7 6.Qc2 c5 7.e4 dxe4 8.Nxe4 cxd4
9.Nxd4 O-O 10.Be2 Nxe4 11.Qxe4 Nf6 12.Qh4 Qb6 13.Nb3 Be6 14.Be3 Qc7 15.O-O Nd5
16.Bg5 f6 17.Qe4 Bf7 18.Bd2 e5 19.Rfd1 a5 20.c4 f5 21.Qh4 Nf6 22.Bg5 Ne4
23.Be7 Rfe8 24.Ba3 Bf6 25.Qh3 a4 26.Nd2 Nc5 27.Nf1 Ne6 28.Bd6 Qc6 29.Qa3 Nd4
30.Rxd4 exd4 31.Bf3 Qxc4 32.Bxb7 Ra7 33.Bf3 Bd5 34.b3 Qb5 35.bxa4 Qb7 36.Bc5 Be7
37.Rb1 Qxb1 38.Bxd5+ Kf8 39.Bxe7+ Rexe7 40.Qd6 Kg7 41.h4 Rad7 42.Qc5 Re5  0-1

[Event "Carl Schlechter mem"]
[Site "Vienna"]
[Date "1996.??.??"]
[Round "7"]
[White "Meszaros, Gyula"]
[Black "Stoeckl, Ernst"]
[Result "1-0"]
[WhiteElo "2300"]
[BlackElo "2090"]

1.d4 Nf6 2.Bg5 c5 3.Nc3 cxd4 4.Qxd4 Nc6 5.Qh4 e6 6.e4 Be7 7.O-O-O a6 8.f4 Qb6
9.e5 Qe3+ 10.Kb1 Ne4 11.Nxe4 Qxe4 12.Nf3 Bc5 13.Bd3 Qb4 14.c3 Qb6 15.f5 h6
16.Rhf1 Rf8 17.Bc1 exf5 18.Bxf5 Ne7 19.Bc2 d5 20.exd6 Bxd6 21.Rfe1 Qc7 22.Qd4 Bc5
23.Bf4  1-0

[Event "Carl Schlechter mem"]
[Site "Vienna"]
[Date "1996.??.??"]
[Round "8"]
[White "Palos, Osman"]
[Black "Wittmann, Walter"]
[Result "1-0"]
[WhiteElo "2335"]
[BlackElo "2370"]

1.d4 Nf6 2.Bg5 c5 3.d5 e5 4.Nc3 d6 5.e4 Be7 6.Nf3 O-O 7.Be2 a6 8.Bxf6 Bxf6
9.a4 Bg5 10.h3 Bh6 11.g4 g6 12.Rg1 Bf4 13.Bd3 Nd7 14.Ne2 Qe7 15.c4 Kh8 16.Qc2 Rb8
17.Nxf4 exf4 18.Qc3+ f6 19.Rb1 Kg8 20.Kd2 Ne5 21.Nxe5 fxe5 22.Be2 Bd7 23.b4 b6
24.bxc5 bxc5 25.a5 Qh4 26.Qf3 Qd8 27.Qc3 Qc7 28.Bd3 Rfc8 29.Rgc1 Qa7 30.Ke1 Kf7
31.Be2 Qc7 32.Bf1 Rxb1 33.Rxb1 Rb8 34.Rxb8 Qxb8 35.Bd3 Kf6 36.f3 Kg5 37.Kf1 h5
38.Qe1 hxg4 39.hxg4 Qb2 40.Be2 Ba4 41.Kg2 Bb3 42.Kh3 Kf6 43.Qh4+ g5 44.Qh6+ Kf7
45.Qe6+ Kg7 46.Qe7+ Kh8 47.Qf8+ Kh7 48.Qf7+ Kh6 49.Qh5+ Kg7 50.Qxg5+ Kh8
51.Qh6+ Kg8 52.Qg6+ Kh8 53.Kh4 Qxe2 54.Qh6+ Kg8 55.Kg5 Qxf3 56.Qg6+ Kh8 57.Kf6  1-0

[Event "LTU-ch"]
[Site "Vilnius"]
[Date "1996.??.??"]
[Round "9"]
[White "Bandza, Algirdas"]
[Black "Rumiancev, Boris"]
[Result "1-0"]
[WhiteElo "2380"]
[BlackElo "2275"]

1.d4 Nf6 2.Bg5 g6 3.Bxf6 exf6 4.e3 Bg7 5.g3 d6 6.Bg2 Nd7 7.Ne2 f5 8.c4 O-O
9.Nbc3 Nf6 10.O-O Re8 11.b4 Ne4 12.Rb1 c6 13.b5 Bd7 14.Qd3 cxb5 15.cxb5 Be6
16.Nxe4 fxe4 17.Bxe4 Bxa2 18.Rb2 d5 19.Bxg6 hxg6 20.Rxa2 Qd7 21.Rfa1 b6 22.Rc1 Bf8
23.Nf4 Rec8 24.Rac2  1-0

[Event "Vlissingen op"]
[Site "Vlissingen"]
[Date "1996.??.??"]
[Round "3"]
[White "Karadeniz, Emre"]
[Black "Motwani, Paul"]
[Result "1/2-1/2"]
[WhiteElo "2240"]
[BlackElo "2490"]

1.d4 Nf6 2.Bg5 d5 3.e3 c5 4.Bxf6 exf6 5.c3 Nc6 6.Nd2 Bf5 7.dxc5 Bxc5 8.Nb3 Bb6
9.Nf3 O-O 10.Bd3 Be4 11.O-O Re8 12.Nbd4 Qd6 13.Nxc6 bxc6 14.Bxe4 Rxe4 15.Nd2 Re6
16.g3 Rae8 17.Kg2 g6 18.Qf3 Re5 19.Qf4 Qd7 20.Qa4 Rh5 21.h4 Ree5 22.Qd1 Rh6
23.Nf3 Re4 24.Nd2 Re5 25.Nf3 Re4 26.Nd2  1/2-1/2

[Event "GRE-ch (Women)"]
[Site "Volos"]
[Date "1996.??.??"]
[Round "6"]
[White "Papadopoulou, Triantafilia"]
[Black "Kouvatsou, Maria"]
[Result "1-0"]
[WhiteElo "2010"]
[BlackElo "2145"]

1.d4 Nf6 2.Bg5 g6 3.Bxf6 exf6 4.e3 Bg7 5.Ne2 d6 6.Nf4 Nd7 7.h4 h5 8.Bd3 f5
9.Nd2 Nf6 10.Qe2 Bd7 11.O-O-O O-O 12.Nf3 Rb8 13.Bc4 b5 14.Nxg6 bxc4 15.Nxf8 Bb5
16.c3 Kxf8 17.Ng5 Qd7 18.f3 Ba4 19.Rde1 Qb5 20.Qd2 Bh6 21.Rhf1 Qa5 22.e4 Bd7
23.a3 Re8 24.Ne6+ fxe6 25.Qxh6+ Kf7 26.e5 Nd5 27.Qh7+ Kf8 28.Qxd7 Nxc3 29.exd6 cxd6
30.Rxe6 Rxe6 31.Qxe6 Nd5 32.Qxd6+ Kf7 33.Qc5 Qxc5 34.dxc5 Ne3 35.Rf2 Ke6
36.Re2 f4 37.Kd2 Kd5 38.Rxe3 fxe3+ 39.Kxe3 Kxc5 40.g4  1-0